000 00701nam a2200181Ia 4500
005 20250508160013.0
008 008 250505s9999 xx 000 0 eng d
037 _aBooks to be hide in OPAC
040 _aFEDL
_beng
_cFEDL
041 _aeng
_2eng
084 _a379.42, GRE/O
_qFEDL
100 _aFraser James
245 0 _aReport to the commissioners appointed by Her Majesty to inquire into the education given in schools Majesty's two recent commisions, and to the commissioners appointed by Her Majesty to inquire into the schools in Scotland, on the common school system of
260 _c1966
300 _av,435p.
942 _cHB
_h379.42, GRE/O
999 _c1360918
_d1360918